What shall I read next? <a> personal selection of twentieth century English books

Guardado en:
Detalles Bibliográficos
Autor principal: Smith, Seymour F.
Formato: Libro
Lenguaje:inglés
Publicado: Cambridge University Press 1953
Etiquetas: Agregar Etiqueta
Sin Etiquetas, Sea el primero en etiquetar este registro!

MARC

LEADER 00000nam a2200000 4500
001 c123100
005 20041019155227.3
041 0 |a eng 
044 |a GB 
245 1 0 |a What shall I read next?  |b <a> personal selection of twentieth century English books  |c Seymour F. Smith 
264 1 |a Cambridge  |b University Press  |c 1953 
300 |a 231 s. 
100 1 |a Smith, Seymour F.